|
|
|
|
| LEADER |
00000nam0a2200000 4500 |
| 001 |
20312 |
| 005 |
20231101205341.0 |
| 010 |
|
|
|a 5339001229
|
| 035 |
|
|
|a (RuTPU)RU\TPU\book\20491
|
| 035 |
|
|
|a BOOK00000039
|
| 090 |
|
|
|a 20312
|
| 100 |
|
|
|a 20011209d1988 m y0rusy50 ca
|
| 101 |
0 |
|
|a rus
|
| 102 |
|
|
|a BY
|
| 105 |
|
|
|a y z 000zy
|
| 200 |
1 |
|
|a Уроки этикета
|f И. И. Рыданова
|
| 210 |
|
|
|a Минск
|c Вышэйшая школа
|d 1988
|
| 215 |
|
|
|a 155 с.
|
| 606 |
1 |
|
|a Этикет
|2 stltpush
|3 (RuTPU)RU\TPU\subj\21476
|9 46467
|
| 610 |
1 |
|
|a этика
|
| 610 |
1 |
|
|a культура поведения
|
| 610 |
1 |
|
|a культура речи
|
| 610 |
1 |
|
|a этикет
|
| 610 |
1 |
|
|a поведение
|
| 610 |
1 |
|
|a типология
|
| 686 |
|
|
|a Ю777
|v LBC/SL-A
|2 rubbk
|
| 700 |
|
1 |
|a Рыданова
|b И. И.
|g Инна Ивановна
|
| 801 |
|
0 |
|a RU
|b 63413507
|c 20011209
|g PSBO
|
| 801 |
|
2 |
|a RU
|b 63413507
|c 20220328
|g PSBO
|
| 900 |
|
|
|a Профессиональная этика и этикет
|
| 942 |
|
|
|c BK
|